Охотничье-рыболовецкое снаряжение народа коми в фондах Национального музея Республики Коми (Запись № 1954280)

Подробности
000 -МАРКЕР
контрольное поле 02503nam0a2200397 4500
001 - ИДЕНТИФИКАТОР ЗАПИСИ
контрольное поле RU\NLR\bibl\1826635
005 - ИДЕНТИФИКАТОР ВЕРСИИ
контрольное поле 20260405232150.0
010 ## - МЕЖДУНАРОДНЫЙ СТАНДАРТНЫЙ НОМЕР КНИГИ (ISBN)
Номер (ISBN) 978-5-7934-0388-7
Тираж 300
021 ## - НОМЕР ГОСУДАРСТВЕННОЙ РЕГИСТРАЦИИ
Код страны российская федерация
Номер 2011-76847
Номер Листа государственной регистраци 5470
035 ## - ДРУГИЕ СИСТЕМНЫЕ НОМЕРА
Идентификатор записи (NLR Aleph) 001817157
100 ## - ДАННЫЕ ОБЩЕЙ ОБРАБОТКИ
Данные общей обработки 20111031d2011 |||y0rusy50 ca
101 0# - ЯЗЫК РЕСУРСА
Язык текста, звукозаписи и т.д. русский
-- коми-пермяцкий
-- английский
102 ## - СТРАНА ПУБЛИКАЦИИ ИЛИ ПРОИЗВОДСТВА
Страна публикации российская федерация
105 ## - ПОЛЕ КОДИРОВАННЫХ ДАННЫХ: ТЕКСТОВЫЕ МАТЕРИАЛЫ, МОНОГРАФИЧЕСКИЕ
Кодированные данные о монографическом текстовом документе a |||||||||
200 1# - ЗАГЛАВИЕ И СВЕДЕНИЯ ОБ ОТВЕТСТВЕННОСТИ
Основное заглавие Охотничье-рыболовецкое снаряжение народа коми в фондах Национального музея Республики Коми
Параллельное заглавие Коми Республикаса Национальнöй музей чукöртöдын коми войтырлöн вöралан да чери кыян кöлуй
-- Hunting and fischg equipment of Komi people in the collections of the National Museum of the Komi Republic
Сведения, относящиеся к заглавию каталог
Первые сведения об ответственности М-во культуры Респ. Коми, Нац. музей Респ. Коми
Последующие сведения об ответственности [сост.: В.Б. Липин
-- отв. ред. А.А. Павлов]
Язык параллельного заглавия коми-пермяцкий
-- английский
210 ## - ПУБЛИКАЦИЯ, РАСПРОСТРАНЕНИЕ И ДР.
Место издания, распространения и т.д. Сыктывкар
Имя издателя, распространителя и т. д. Коми республиканская типография
Дата издания, распространения и т.д. 2011
215 ## - ФИЗИЧЕСКАЯ ХАРАКТЕРИСТИКА
Специфическое обозначение материала и объем 47, [1] с., [6] л. ил., цв. ил.
Другие сведения о физической характеристике ил.
Размеры 20
300 ## - ОБЩИЕ ПРИМЕЧАНИЯ
Текст примечания Текст парал. на рус., калм. и англ. яз.
510 1# - ПАРАЛЛЕЛЬНОЕ ЗАГЛАВИЕ
Параллельное заглавие Коми Республикаса Национальнöй музей чукöртöдын коми войтырлöн вöралан да чери кыян кöлуй
Язык заглавия коми-пермяцкий
510 1# - ПАРАЛЛЕЛЬНОЕ ЗАГЛАВИЕ
Параллельное заглавие Hunting and fischg equipment of Komi people in the collections of the National Museum of the Komi Republic
Язык заглавия английский
606 1# - НАИМЕНОВАНИЕ ТЕМЫ КАК ПРЕДМЕТ
Наименование темы Охотничье снаряжение
Тематический подзаголовок Коллекции
Географический подзаголовок Коми Республика
Системный номер авторитетной/нормативной записи 2629068
Идентификатор авторитетной/нормативной записи RU\NLR\auth\661565628
606 1# - НАИМЕНОВАНИЕ ТЕМЫ КАК ПРЕДМЕТ
Наименование темы Рыболовное снаряжение
Тематический подзаголовок Коллекции
Географический подзаголовок Коми Республика
Системный номер авторитетной/нормативной записи 2629069
Идентификатор авторитетной/нормативной записи RU\NLR\auth\661565629
686 ## - ИНДЕКСЫ ДРУГИХ КЛАССИФИКАЦИЙ
Индекс П711.5е(2)л6(2Р31-6Ко)
686 ## - ИНДЕКСЫ ДРУГИХ КЛАССИФИКАЦИЙ
Индекс П722.6е(2)л6(2р31-6Ко)
686 ## - ИНДЕКСЫ ДРУГИХ КЛАССИФИКАЦИЙ
Индекс Т52(231=Ко)-411
702 #1 - ИМЯ ЛИЦА - ВТОРИЧНАЯ ОТВЕТСТВЕННОСТЬ
Код отношения Составитель
Материалы, к которым относится поле rus
Графика поля Кириллица
Начальный элемент ввода Липин
Часть имени, кроме начального элемента ввода В. Б.
Дополнения к именам, кроме дат этнограф
Расширение инициалов личного имени Владимир Борисович
Идентификатор авторитетной/нормативной записи RU\NLR\auth\77105978
Системный номер авторитетной/нормативной записи 88903
702 #1 - ИМЯ ЛИЦА - ВТОРИЧНАЯ ОТВЕТСТВЕННОСТЬ
Код отношения Редактор
Материалы, к которым относится поле rus
Графика поля Кириллица
Начальный элемент ввода Павлов
Часть имени, кроме начального элемента ввода А. А.
Даты 1965-
Дополнения к именам, кроме дат канд. ист. наук
Расширение инициалов личного имени Андрей Альбертович
Идентификатор авторитетной/нормативной записи RU\NLR\AUTH\7733056
Системный номер авторитетной/нормативной записи 16064
801 #0 - ИСТОЧНИК ЗАПИСИ
Страна российская федерация
Организация NLR
Дата составления 20111031
Правила каталогизации RCR
801 #1 - ИСТОЧНИК ЗАПИСИ
Страна российская федерация
Организация NLR
Дата составления 20111031
852 ## - МЕСТОНАХОЖДЕНИЕ И ШИФР ХРАНЕНИЯ
Идентификатор организации NLR
Наименование фонда или коллекции (Sub-Location Identifier) ОНЛ
Шифр хранения (Call Number) Коми-з./3-2639
942 ## - ДОПОЛНИТЕЛЬНЫЕ ЭЛЕМЕНТЫ ЗАПИСИ (АБИС)
Тип экземпляра АБИС Книга
980 ## - КОЛЛЕКЦИЯ
Название коллекции Национальная библиография
980 ## - КОЛЛЕКЦИЯ
Название коллекции НБР
Экземпляры
Тип экземпляра Дата поступления Источник поступления Библиотека постоянного хранения Библиотека текущего хранения Место хранения Шифр хранения Штрих-код Статус не для выдачи Стоимость
Книга 31.10.2011 Обязательный экземпляр РНБ (Московский) РНБ (Московский) Фонд национальных литератур ОНЛ Коми-з./3-2639 1-2988639    
Книга 31.10.2011 Обязательный экземпляр РНБ (Московский) РНБ (Московский) Обменный фонд   1-859849   300.00